|
|
|
|
| LEADER |
00000nam0a2200000 4500 |
| 001 |
128498 |
| 005 |
20231031132809.0 |
| 035 |
|
|
|a (RuTPU)RU\TPU\book\139004
|
| 090 |
|
|
|a 128498
|
| 100 |
|
|
|a 20071228d1975 km y0rusy50 ca
|
| 101 |
0 |
|
|a rus
|
| 102 |
|
|
|a LV
|
| 105 |
|
|
|a a j 001zy
|
| 200 |
1 |
|
|a Биомеханика физических упражнений
|e учебное пособие
|
| 210 |
|
|
|a Рига
|c Рижский политехнический институт
|d 1975
|
| 215 |
|
|
|a 100 с.
|c ил.
|
| 320 |
|
|
|a Библиогр.: с.94-97
|
| 610 |
1 |
|
|a спорт
|
| 610 |
1 |
|
|a физкультура
|
| 610 |
1 |
|
|a физические упражнения
|
| 610 |
1 |
|
|a биомеханика
|
| 610 |
1 |
|
|a суставные движения
|
| 610 |
1 |
|
|a ходьба
|
| 610 |
1 |
|
|a повороты
|
| 610 |
1 |
|
|a исследования
|
| 610 |
1 |
|
|a механико-математические модели
|
| 675 |
|
|
|a 79.01(075.8)
|v 3
|
| 801 |
|
1 |
|a RU
|b 63413507
|c 20071228
|g PSBO
|
| 801 |
|
2 |
|a RU
|b 63413507
|c 20120824
|g RCR
|
| 942 |
|
|
|c BK
|